000 00751nam a22002297a 4500
003 URS
005 20260326151011.0
008 260318b |||||||| |||| 00| 0 eng d
040 _aDLC
_beng
_cDLC
_dURS
_erda
050 1 4 _aG155.A1
_bJ334 2013
100 1 _aJayapalan, N.
245 _aAn introduction to tourism/
_cN. Jayapalan.-
264 1 _aNew Delhi:
_bAtlantic Publishers and Distributors,
_c2013.
300 _aviii, 288 pages;
_c23 cm
336 _2rdacontent
_atext
_btxt
337 _2rdamedia
_aunmediated
_bn
338 _2rdacarrier
_avolume
_bnc
500 _aIncludes appendices.
504 _aIncludes bibliographical references and index.
650 0 _aTourism--Management
942 _2lcc
_cFR
_hG155.A1
_i.J334 2013
999 _c99231
_d99228